[Event "Norm Congress-GM 2018"]
[Site "Saint Louis"]
[Date "2018.02.10"]
[Round "4"]
[White "Bartholomew, John"]
[Black "Paragua, Mark"]
[Result "1-0"]
[WhiteElo "2472"]
[BlackElo "2513"]
[Annotator "TA"]
[PlyCount "91"]
[EventDate "2018.??.??"]
[EventType "schev"]
[EventCountry "USA"]
[SourceTitle "playchess.com"]
[Source "ChessBase"]
[SourceQuality "1"]

{[%evp 11,91,35,30,40,31,34,34,45,47,37,36,0,18,18,22,4,20,0,0,0,0,0,0,0,0,0,0,0,0,4,5,0,0,1,11,10,19,10,14,9,13,15,12,0,12,0,24,20,111,110,94,98,132,121,155,158,340,343,327,309,447,427,595,560,589,588,581,570,492,409,372,409,395,395,599,573,980,1014,1472,1311,1778,1669]} 1. d4 Nf6 2. c4 g6 3. Nc3 d5 4. Bg5 Ne4 5. Bh4 c6 (5... Nxc3 6. bxc3 dxc4 7. e3 Be6 8. Nf3 Bg7 9. Qb1 Qd5 10. Be2 Bf5 11. Qb4 c5 12. Qb5+ Bd7 13. Qxc4 Bc6 14. Qb3 e6 15. c4 Qd7 16. Ne5 Qc7 17. O-O {½-½ (124) Wei,Y (2743)-Svidler,P (2768) Wijk aan Zee 2018}) 6. e3 {D80: Grünfeld: Unusual White 4th moves and 4 Bg5} Qa5 {LiveBook: 3 Games} 7. cxd5 Nxc3 8. Qd2 {White is slightly better.} e6 {[#] White must now prevent ...Bb4.} 9. bxc3 cxd5 10. Rb1 $146 ({Find the theoretical novelty and annotate with similar games:} 10. Nf3 b6 11. Ne5 Nd7 12. f4 Ba6 13. Bd3 Bxd3 14. Qxd3 {½-½ (69) Gilevich,A (2422)-Marin,M (2529) Erice 2017}) 10... b6 11. c4 Qxd2+ 12. Kxd2 {With the idea cxd5.} dxc4 13. Nf3 Be7 14. Bg3 Ba6 15. Ne5 $1 c3+ 16. Kxc3 Bxf1 17. Rhxf1 f6 18. Nc4 Nc6 19. Rfc1 Rc8 20. Kd3 Kf7 21. a4 Rhd8 22. Ke2 Kf8 23. f3 Rd5 24. Be1 Ke8 25. Bd2 Kd8 26. Rb5 Kc7 27. Rcb1 Kb7 {[#] ...Nxd4+! is the strong threat.} 28. Kd3 Rcd8 29. Bc3 e5 (29... Kc8 $11) 30. Rxd5 $16 Rxd5 31. e4 Rd8 {[%cal Rc6d4]} 32. d5 $36 {[%mdl 2048] Black is under strong pressure.} Nb8 33. a5 {[%cal Ra5b6]} Bc5 $2 (33... b5 $16) 34. axb6 $18 axb6 35. f4 $1 exf4 (35... Nc6 $142 36. Rb2 (36. fxe5 Nxe5+ 37. Nxe5 fxe5 $18) 36... h6) 36. Bxf6 Rf8 37. Bd4 Nd7 38. Bxc5 Nxc5+ {[%mdl 4096] Endgame KRN-KRN} 39. Kd4 Nd7 40. Ne5 Nc5 41. Nd3 Nxd3 42. Kxd3 f3 (42... Re8 $142 43. Kd4 Ra8) 43. gxf3 {White is clearly winning.} Rxf3+ 44. Kd4 g5 45. Rc1 g4 46. d6 {Precision: White = 74%, Black = 48%.} 1-0

[Event "Norm Congress-GM 2018"]
[Site "Saint Louis"]
[Date "2018.02.10"]
[Round "4"]
[White "Tsolakidou, Stavroula"]
[Black "Boros, Denes"]
[Result "1-0"]
[WhiteElo "2412"]
[BlackElo "2445"]
[Annotator "TA"]
[PlyCount "67"]
[EventDate "2018.??.??"]
[EventType "schev"]
[EventCountry "USA"]
[SourceTitle "playchess.com"]
[Source "ChessBase"]
[SourceQuality "1"]

{[%evp 22,67,51,0,10,12,6,16,36,38,48,43,56,56,69,72,104,110,95,94,100,69,69,31,241,175,238,160,143,147,343,332,425,412,383,291,516,509,561,559,560,547,549,534,29985,29986,29978,12314]} 1. Nf3 Nf6 2. c4 g6 3. Nc3 Bg7 4. e4 d6 5. d4 O-O 6. h3 e5 7. d5 Nh5 8. g3 {E90: King's Indian: Classical: Early deviations and 6 h3} f5 9. exf5 gxf5 10. Ng5 Qe8 11. Be2 Nf6 12. g4 {LiveBook: 8 Games} (12. Be3 $14) 12... Na6 13. gxf5 Bxf5 {[#] White must now prevent ...Nb4.} 14. Be3 $146 ({Predecessor:} 14. Bg4 Bg6 15. Ne6 Nb4 16. Nxf8 {0-1 (40) Macieja,B (2625)-Salgado Lopez,I (2592) Rijeka 2010}) 14... Nb4 {And now ...Nc2+ would win.} 15. Rc1 $1 Qg6 16. Kd2 h6 17. Ne6 Bxe6 $1 18. dxe6 {[%cal Bd5e6,Be6e7][%mdl 32] Threatens to win with Rg1.} Qf5 19. Qb3 a5 20. a3 Na6 21. e7 Rfe8 22. c5+ d5 $2 (22... Kh8 $1 $14) 23. Nxd5 $18 Qd7 {Hoping for ...c6.} 24. Ke1 $36 {[%mdl 2048] White has strong initiative.} ({Inferior is} 24. Qxb7 Qxd5+ 25. Qxd5+ Nxd5 $17) 24... Nxd5 {[#]} 25. Bg4 $1 {[%cal Rg4d7]} Qxe7 $2 (25... Qc6 $16) 26. Qxd5+ Kh8 27. Qxb7 e4 28. Be2 Qf6 $2 (28... Reb8 {keeps fighting.} 29. Qc6 Qf6) 29. Rg1 Qe6 30. Bc4 Qf6 31. Bb5 Rf8 32. Qxe4 Qxb2 {[#] intending ...Bc3+.} 33. Rxg7 $1 {[%mdl 512]} Qxg7 34. Bd4 {Precision: White = 90%, Black = 30%.} 1-0

[Event "Norm Congress-GM 2018"]
[Site "Saint Louis"]
[Date "2018.02.10"]
[Round "4"]
[White "Abrahamyan, Tatev"]
[Black "Vorontsov, Pavlo"]
[Result "1-0"]
[WhiteElo "2332"]
[BlackElo "2559"]
[Annotator "TA"]
[PlyCount "111"]
[EventDate "2018.??.??"]
[EventType "schev"]
[EventCountry "USA"]
[SourceTitle "playchess.com"]
[Source "ChessBase"]
[SourceQuality "1"]

{[%evp 12,111,40,39,52,26,31,13,16,20,19,12,29,0,10,0,2,15,50,0,0,10,10,0,0,-7,33,-7,80,83,93,56,22,0,53,10,9,0,39,28,44,45,59,57,133,138,146,103,185,130,114,109,154,118,123,134,172,74,75,60,112,62,311,286,425,201,198,198,198,179,182,183,613,613,603,592,585,468,575,568,510,530,835,623,2064,2064,1019,531,29960,29961,29961,29962,29962,29963,5547,1018,29968,29969,6555,6548,29981,29982]} 1. e4 e5 2. Bc4 Nf6 3. d3 Nc6 4. Nf3 h6 5. O-O d6 6. c3 g5 {C55: Two Knights: 4 d3, 4 d4 exd4 5 e5 and Max Lange Attack} (6... g6 7. Re1 Bg7 8. Nbd2 O-O 9. Bb3 Re8 10. Nf1 Be6 11. h3 d5 12. Ng3 Qd7 13. Ba4 Nh7 14. d4 exd4 15. Nxd4 Rad8 16. Be3 dxe4 17. Nxc6 bxc6 18. Nxe4 {½-½ (33) Anand,V (2782)-Ponkratov,P (2613) Riadh 2017}) 7. Nbd2 {LiveBook: 3 Games} Bg7 8. a4 $146 ({Predecessor:} 8. Bb3 O-O 9. Nc4 Be6 10. Re1 b5 11. Ne3 d5 12. exd5 Nxd5 13. Nxd5 Bxd5 14. Be3 {1-0 (37) Arakhamia Grant,K (2369)-Daulyte,D (2404) Monaco 2017}) 8... a5 {White has an edge.} 9. Qb3 O-O 10. h3 Nh5 11. Re1 Qf6 12. Nh2 Qg6 13. Ndf1 Kh8 14. Ng3 Ne7 15. Be3 Nxg3 16. fxg3 f5 17. exf5 Nxf5 18. Bf2 c6 {Threatens to win with ...d5.} 19. Qb6 d5 (19... h5 $11 {keeps the balance.}) 20. Ba2 $1 $16 ({But not} 20. Bxd5 $2 Ra6 $19) 20... Nd6 21. Bc5 Bf5 22. Rad1 Rad8 ({Better is} 22... Rfd8 $1 $11) 23. Bb1 g4 $1 {[%cal Rg4h3]} 24. h4 Rfe8 25. Qxa5 Bc8 26. Nf1 Nf5 27. Qb4 d4 (27... Be6 $14) 28. Ba2 h5 29. cxd4 exd4 (29... Nxd4 $16 30. Bb1 Be6) 30. Rxe8+ (30. Re4 $18) 30... Rxe8 31. Re1 Kh7 {[#]} 32. Re4 $1 Re5 33. Kh2 Qf6 {[#] White must now prevent ...Rxe4.} 34. Rxe5 (34. Nd2 $1 $18 {is more deadly.}) 34... Qxe5 35. Qc4 Kh6 ({Black should play} 35... Qe8 $1 $14) 36. Bb4 {[%cal Bc5b4,Bb4d2,Bd2e3][%mdl 32]} Ne3 $2 (36... Qe8 $1 $14) 37. Bd2 Bf5 (37... Bd7 $142 38. Qf7 Qe8 39. Qf4+ Kh7) 38. Qc1 (38. Qf7 $142 {And now Nxe3 would win.} Bg6 39. Qxb7) 38... Bxd3 39. Nxe3 dxe3 40. Bxe3+ Kg6 41. Qd2 $36 {[%mdl 2048] White is really pushing.} Bf5 $2 {[#]} (41... Qf5 42. Bf4 c5) 42. Bd4 $1 $18 {[%mdl 512] Intending Qg5+ and mate.} Qe7 (42... Qxd4 43. Qg5+) 43. Bxg7 Kxg7 44. b4 Bg6 45. Qd4+ Kh7 46. Qc4 Qe8 47. a5 Kg7 48. Qd4+ Kh7 49. Qf6 Qe4 50. Qf8 Qe8 51. Bg8+ Kh8 52. Qxe8 Bxe8 53. Be6 Kg7 54. Bc8 c5 55. Bxb7 c4 56. a6 {Precision: White = 53%, Black = 27%.} 1-0

[Event "Norm Congress-GM 2018"]
[Site "Saint Louis"]
[Date "2018.02.10"]
[Round "5"]
[White "Vorontsov, Pavlo"]
[Black "Patel, Advait"]
[Result "1-0"]
[WhiteElo "2559"]
[BlackElo "2478"]
[Annotator "TA"]
[PlyCount "71"]
[EventDate "2018.??.??"]
[EventType "schev"]
[EventCountry "USA"]
[SourceTitle "playchess.com"]
[Source "ChessBase"]
[SourceQuality "1"]

{[%evp 22,71,8,6,9,6,6,13,15,10,15,22,29,-8,71,63,51,81,77,64,93,91,192,177,186,133,196,202,291,261,536,533,529,478,446,265,672,543,548,475,408,0,550,540,537,536,686,370,800,800,858,763]} 1. e4 e5 2. Nf3 Nc6 3. Bb5 {[%cal Bf1b5,Bb5a4,Ba4b3,Bb3d5][%mdl 32]} a6 4. Ba4 Nf6 5. d3 b5 6. Bb3 Bc5 7. Nc3 d6 {C77: Ruy Lopez: 3...a6 4 Ba4 Nf6, unusual lines} 8. Nd5 h6 9. Nxf6+ (9. c3 O-O 10. O-O Rb8 11. Nxf6+ Qxf6 12. h3 Ne7 13. d4 Bb6 14. Be3 Ng6 15. a4 {1-0 (45) Caruana,F (2808)-Mamedyarov,S (2800) Paris 2017}) 9... Qxf6 10. Bd5 Bd7 11. c3 O-O 12. Rg1 {LiveBook: 5 Games} h5 $1 13. h3 {[%cal Bh2h3,Bh3g4][%mdl 32]} Rae8 14. g4 hxg4 15. hxg4 {[#]} Ne7 $146 16. Bg5 Qg6 17. Bb3 Be6 (17... a5 $11 {keeps the balance.}) 18. Qd2 $16 Bxb3 19. Bxe7 Rxe7 20. Nh4 Qf6 {[#]} 21. Nf5 $1 Rd7 (21... Ba4 $16 {was called for.}) 22. axb3 $18 {[%cal Ba2b3,Bb3b4][%mdl 32]} d5 23. exd5 (23. b4 $18) 23... Rxd5 (23... Rfd8 $16) 24. b4 Bb6 (24... Be7 $142 25. Rxa6 Qg5) 25. Rh1 ({Stronger than} 25. Rxa6 Rfd8 $11) 25... Re8 $2 (25... Rfd8) 26. f3 {And now Qh2 would win.} Qg6 {intending ...e4.} 27. O-O-O ({Weaker is} 27. Qh2 f6 $16) 27... f6 28. Rh5 (28. Qc2 $142) 28... Rd7 $2 (28... e4 29. fxe4 Qxg4 30. Nh6+ gxh6 31. Rxd5 c6) 29. Qh2 Red8 30. Nh4 Qe8 {aiming for ...g6.} 31. Nf5 {Black must now prevent Rh8+.} Qg6 32. Rh1 Kf7 33. Rh7 Rg8 34. Qc2 Ke8 $2 {[#]} (34... Kf8 35. Rh8 Qf7) 35. d4 $1 {[%mdl 512]} Qf7 {[#]} (35... exd4 36. Nd6+) 36. Nh6 $1 {[%mdl 512] Precision: White = 83%, Black = 32%.} 1-0

[Event "Norm Congress-GM 2018"]
[Site "Saint Louis"]
[Date "2018.02.10"]
[Round "5"]
[White "Paragua, Mark"]
[Black "Abrahamyan, Tatev"]
[Result "1/2-1/2"]
[WhiteElo "2513"]
[BlackElo "2332"]
[Annotator "TA"]
[PlyCount "87"]
[EventDate "2018.??.??"]
[EventType "schev"]
[EventCountry "USA"]
[SourceTitle "playchess.com"]
[Source "ChessBase"]
[SourceQuality "1"]

{[%evp 20,87,25,27,35,45,39,38,68,77,67,56,95,81,83,85,98,75,67,66,135,132,132,118,116,136,145,142,138,118,122,109,139,84,84,84,83,66,68,43,49,15,28,53,44,44,64,75,167,118,99,0,3,0,0,0,0,0,18,0,0,0,0,0,0,0,0,0,0,0]} 1. d4 Nf6 2. Nf3 e6 3. c4 b6 4. g3 Bb7 5. Bg2 Be7 6. O-O O-O 7. Nc3 Ne4 8. Bd2 {[%cal Bc1d2,Bd2e1,Be1c3][%mdl 32]} Bf6 9. Be1 {E18: Queen's Indian: Old Main Line (4 g3 Bb7 5 Bg2 Be7 6 0-0 0-0 7 Nc3)} d5 10. Qc2 Nxc3 11. Bxc3 {LiveBook: 3 Games. White has an edge.} Nd7 12. cxd5 exd5 13. b4 c5 {[#]} 14. bxc5 $146 ({Predecessor:} 14. dxc5 bxc5 15. Bxf6 Qxf6 16. Bh3 Rfd8 17. bxc5 {1-0 (57) Vitiugov,N (2724)-Inarkiev,E (2723) Moscow 2017}) 14... bxc5 15. dxc5 Bxc3 16. Qxc3 Rc8 17. Qa3 Nxc5 18. Qxa7 Ba6 19. Rfc1 Qa5 (19... Qf6 $14) 20. Nd4 $16 Rc7 21. Nb3 Rxa7 22. Nxa5 Ne4 23. Nc6 Rb7 24. Rc2 Rc8 25. Bh3 Re8 26. Rd1 (26. a4 $142) 26... Nf6 27. e3 Bb5 {With the idea ...Ba4.} 28. Rdc1 Ba4 29. Rc5 (29. Na5 $5 {[%cal Ra5b7]} Rb5 30. Rc5 $16) 29... Rb2 30. a3 Ne4 31. Rxd5 {Strongly threatening Bd7.} Nxf2 32. Bd7 Bxc6 33. Rxc6 Rf8 (33... Reb8 $16 {is a better defense.}) 34. Rd4 h5 35. h3 ({Better is} 35. Rc8 $16) 35... f5 $1 $11 {The position is equal.} 36. a4 Ne4 37. Rc8 Rxc8 38. Bxc8 Nxg3 {[%mdl 4096] [#] Endgame Hoping for ...Ne2+. KRB-KRN} 39. Be6+ Kf8 {White must now prevent ...Ne2+.} 40. Rd7 Ne2+ 41. Kf1 Ng3+ 42. Kg1 Ne2+ 43. Kf1 Ng3+ 44. Kg1 {Precision: White = 68%, Black = 64%.} 1/2-1/2

[Event "Norm Congress-GM 2018"]
[Site "Saint Louis"]
[Date "2018.02.10"]
[Round "5"]
[White "Chandra, Akshat"]
[Black "Tsolakidou, Stavroula"]
[Result "1/2-1/2"]
[WhiteElo "2510"]
[BlackElo "2412"]
[Annotator "TA"]
[PlyCount "192"]
[EventDate "2018.??.??"]
[EventType "schev"]
[EventCountry "USA"]
[SourceTitle "playchess.com"]
[Source "ChessBase"]
[SourceQuality "1"]

{[%evp 23,192,27,33,24,39,31,58,53,56,47,49,31,40,36,29,28,34,40,56,11,47,1,29,25,58,64,69,67,72,78,89,78,82,85,170,94,87,0,194,0,93,66,81,89,87,62,67,62,75,75,93,91,82,24,27,27,27,28,30,25,35,45,34,43,47,37,67,53,65,32,45,45,51,45,73,0,0,0,0,0,0,0,0,0,0,0,0,0,0,0,0,0,0,-9,-3,-3,0,0,0,0,0,0,0,0,0,-18,-21,-58,-72,-36,-43,-80,-101,-105,-22,-19,-21,-58,0,0,0,-69,-3,-3,0,0,0,-6,0,0,0,-31,-31,-50,-43,-139,-136,-173,0,-957,-842,-768,0,0,0,0,0,0,0,0,0,0,0,0,0,0,0,0,0,0,0,0,0,0,0,0,0,0,0,0,0]} 1. d4 Nf6 2. c4 e6 3. Nf3 Bb4+ 4. Bd2 a5 5. g3 d6 6. Bg2 Nbd7 7. O-O e5 8. Be3 O-O {E11: Bogo-Indian} 9. a3 (9. Qc2 exd4 10. Bxd4 Re8 11. Nc3 c6 12. Rad1 Qe7 13. a3 Bc5 14. Rfe1 h6 15. e4 Bxd4 16. Nxd4 {½-½ (70) Postny,E (2616)-Van Wely,L (2685) Novi Sad 2016}) 9... exd4 10. Bxd4 Bc5 11. Nc3 Re8 12. Qc2 c6 {LiveBook: 3 Games} 13. b3 Qe7 14. Rfd1 Nb6 15. Bxc5 dxc5 16. a4 {[#]} Bg4 $146 17. Rd2 Nbd7 {[%cal Bb6d7,Bd7f8,Bf8e6,Be6d4][%mdl 32]} 18. Rad1 Nf8 19. h3 Bh5 20. Nh4 Ne6 21. Qb1 Qc7 22. Bf3 Qe5 23. Rd3 Nd4 {next ...g5 is good for Black.} 24. Bxh5 Qxh5 25. e3 $36 {[%mdl 2048] White has the initiative.} Ne6 {Hoping for ...g5.} 26. Kg2 Ng5 27. Qc2 Ne6 28. Rd6 Qe5 (28... Rab8 $16) 29. Nf3 (29. f4 $1 $18 {[%cal Rf4e5]} Qh5 30. Nf3) 29... Qh5 $16 30. Nh4 (30. Qd3 $16) 30... Qe5 $1 $18 {and if ...Nd4! works, Black does fine.} 31. Nf3 (31. f4 $1 $18 {[%cal Rf4e5]} Qh5 32. Nf3) 31... Qh5 $16 32. R1d2 Rac8 33. Qd1 Rc7 34. R2d3 Rce7 35. Nh2 Qg6 36. Ng4 Ne4 37. Nxe4 Qxe4+ 38. Qf3 (38. f3 $16 Qg6 39. f4) 38... Qxf3+ 39. Kxf3 Ng5+ 40. Kg2 f5 41. Nh2 $1 Ne4 42. Rd8 Kf7 43. g4 fxg4 44. hxg4 Rxd8 45. Rxd8 $14 {[%mdl 4096] Endgame KRN-KRN} Re8 46. Rd3 Ke7 47. f3 Nd6 48. f4 b5 49. Nf3 (49. axb5 $16 cxb5 50. cxb5) 49... bxc4 50. bxc4 Nxc4 51. Rc3 Nb6 52. Rxc5 Kd6 53. Rxa5 Rxe3 54. Ne5 Re4 55. Nf7+ Kc7 56. Ng5 Rxa4 57. Rf5 Nd5 {White must now prevent ...Ne3+.} 58. Kg3 Ra3+ 59. Kh4 Ne3 60. Rf7+ Kd6 61. Nxh7 Ng2+ 62. Kg5 Ra4 63. Nf8 c5 {[%cal Bc6c5,Bc5c4,Bc4c3][%mdl 32]} 64. Ng6 c4 {Threatens to win with ...c3.} 65. Ne5 c3 66. Rd7+ Ke6 67. Rc7 $1 Nxf4 68. Nf3 {[#]} Nd5 (68... Ne2 $1 $17 69. Ne1 Re4) 69. Rc6+ $11 Ke7 {And now ...Rb4 would win.} 70. Ne5 Re4 (70... Ra2 $15 71. Ng6+ Ke8) 71. Kf5 Rf4+ 72. Kg5 ({Better is} 72. Kg6 $1 $11) 72... Rf6 ({Black should try} 72... Rf2 $15 73. Nd3 Rf1) 73. Ng6+ $1 Kd7 74. Ne5+ Ke7 {aiming for ...Rxc6.} 75. Ng6+ $1 Kd8 76. Rc5 Rd6 77. Nh4 Nf6 78. Rc4 $1 Kd7 79. Nf3 (79. Kf5 $1 $15) 79... Ke6 {Strongly threatening ...Kd5.} 80. Kg6 {[#]} Kd5 $2 (80... Rd3 $1 $19 {[%cal Rd3f3]} 81. Ne1 Rg3) 81. Ra4 $2 {[%mdl 8192]} (81. Rd4+ $11 Kc5 82. Rxd6 Kxd6 83. Ne1) 81... c2 82. Ra1 Ke4 $2 (82... Nxg4+ $19 83. Kg5 Ne3) 83. Ne1 $1 {The position is equal.} Nxg4+ 84. Kxg7 Ne3 85. Ra4+ Kf5 86. Ra5+ Ke6 {[#]} (86... Kg4 {keeps more tension.} 87. Nxc2) 87. Nxc2 $1 {[%mdl 512]} Nxc2 {KRN-KR} 88. Kg6 Ne3 89. Kg5 Rd4 90. Ra6+ Ke5 91. Ra5+ Nd5 92. Ra8 Nc7 93. Ra5+ Ke6 94. Ra1 Re4 95. Rf1 Nd5 96. Rf8 Re5+ {Precision: White = 57%, Black = 60%.} 1/2-1/2

[Event "Norm Congress-GM 2018"]
[Site "Saint Louis"]
[Date "2018.02.10"]
[Round "5"]
[White "Gurevich, Daniel"]
[Black "Khamrakulov, Djurabek"]
[Result "1/2-1/2"]
[WhiteElo "2483"]
[BlackElo "2496"]
[Annotator "TA"]
[PlyCount "72"]
[EventDate "2018.??.??"]
[EventType "schev"]
[EventCountry "USA"]
[SourceTitle "playchess.com"]
[Source "ChessBase"]
[SourceQuality "1"]

{[%evp 18,72,16,14,39,37,34,16,66,44,48,19,13,30,27,39,35,25,23,4,17,12,0,12,10,0,0,0,0,0,0,0,0,-5,-6,-6,-6,-6,-6,-8,-8,-8,-8,-10,0,0,0,0,0,0,0,0,0,0,0,0,0]} 1. e4 c6 2. d4 d5 3. e5 Bf5 4. Nf3 e6 5. Be2 Nd7 6. O-O h6 7. Nbd2 Ne7 {B12: Caro-Kann: Advance Variation} 8. Nb3 Qc7 9. Be3 (9. c3 Bh7 10. Bd3 Bxd3 11. Qxd3 c5 12. Nxc5 Nxc5 13. dxc5 Qxc5 14. Be3 {½-½ (70) Carlsen,M (2832)-So,W (2815) chess.com INT 2017}) 9... g5 10. a4 {LiveBook: 5 Games} a5 11. Ne1 Bg7 12. Nd3 $146 ({Find the theoretical novelty and annotate with similar games:} 12. f4 O-O-O 13. Qd2 gxf4 14. Bxf4 c5 15. Bb5 {1-0 (57) Svrsek,R (2377)-Markus,R (2482) Remote email 2013}) 12... Bxd3 13. Bxd3 {Strongly threatening Qh5.} c5 $1 {[%cal Rc5c4]} 14. Nxc5 Nxc5 15. dxc5 Bxe5 16. Qh5 Nc6 17. Bb5 Bxb2 18. Rab1 Qe5 {The position is equal.} 19. c4 {With the idea cxd5.} d4 20. Rxb2 dxe3 21. Bxc6+ (21. fxe3 {NOTEXT} Qxe3+ 22. Kh1 O-O 23. Qxh6 Qe5 24. Bxc6 Qxb2 25. Qxg5+ Qg7 26. Qxg7+ Kxg7 27. Bxb7 Rae8 28. c6) 21... bxc6 22. Rb7 exf2+ 23. Rxf2 O-O-O 24. Rbxf7 Qxc5 25. Qe2 Rhf8 26. Qxe6+ Kb8 {[#] ( -> ...Rd1+)} 27. g3 Rxf7 28. Qxf7 $11 {[%mdl 4096] Endgame KQR-KQR} Rd2 29. Kg2 $132 {[%mdl 2048] White is not keeping still} Rxf2+ 30. Qxf2 Qxf2+ (30... Qxc4 {NOTEXT} 31. Qb6+ Kc8 32. Qxa5 Kb7 33. Qf5 Qxa4 34. Qh7+ Kb6) 31. Kxf2 {[#] aiming for Ke3. KP-KP} Kc7 32. Ke3 {Kd4 is the strong threat.} Kd6 {Threatens to win with ...Kc5.} 33. Kd4 g4 34. c5+ Ke6 35. Ke4 h5 (35... Kf6 $5) 36. Kf4 $1 Kf6 {Precision: White = 80%, Black = 74%.} (36... Kd5 $5 37. Kg5 $8 Kxc5 38. Kxh5 Kb4 39. Kxg4 c5 $11) 1/2-1/2

[Event "Norm Congress-GM 2018"]
[Site "Saint Louis"]
[Date "2018.02.10"]
[Round "5"]
[White "Boros, Denes"]
[Black "Bartholomew, John"]
[Result "1/2-1/2"]
[WhiteElo "2445"]
[BlackElo "2472"]
[Annotator "TA"]
[PlyCount "46"]
[EventDate "2018.??.??"]
[EventType "schev"]
[EventCountry "USA"]
[SourceTitle "playchess.com"]
[Source "ChessBase"]
[SourceQuality "1"]

{[%evp 18,46,-12,-37,15,16,46,5,9,7,0,0,17,13,29,27,19,11,8,0,0,0,0,0,0,0,0,0,0,0,12]} 1. d4 d5 2. c4 c6 3. Nf3 Nf6 4. Nc3 dxc4 5. e4 b5 6. e5 Nd5 7. a4 h6 8. axb5 {D15: Slav Defence: 4 Nc3 a6 and gambit lines after 4 Nc3 dxc4} Nxc3 9. bxc3 cxb5 10. Nd2 {[%cal Bf3d2,Bd2c4,Bc4e3][%mdl 32] [#] LiveBook: 3 Games. And now Qf3 would win.} Be6 (10... e6 $15) 11. Be2 $11 Bd5 12. e6 $146 ({Predecessor:} 12. Bf3 e6 13. Bxd5 Qxd5 14. Qg4 h5 15. Qh3 Nd7 {0-1 (44) Vlatkovic,M (2326)-Bogosavljevic,B (2541) Tivat 2011}) 12... Bxe6 ({Don't go for} 12... Bxg2 $2 13. Bf3 $18) 13. Bf3 Bd5 14. Nxc4 $1 e6 15. Ne3 Bxf3 $1 16. Qxf3 Nd7 {[%cal Bb8d7,Bd7c5,Bc5d3][%mdl 32]} 17. O-O {next d5 is good for White.The position is equal.} Be7 18. d5 $36 {[%mdl 2048] [#] aiming for dxe6. White has good play.} O-O 19. dxe6 fxe6 20. Qc6 {Black must now prevent Rd1.} Nc5 {Strongly threatening ...Qd3.} 21. Qxb5 Qd3 22. Qxd3 Nxd3 23. Ba3 Rf7 {Precision: White = 42%, Black = 61%.} 1/2-1/2

[Event "Norm Congress-GM 2018"]
[Site "Saint Louis"]
[Date "2018.02.11"]
[Round "6"]
[White "Khamrakulov, Djurabek"]
[Black "Vorontsov, Pavlo"]
[Result "0-1"]
[WhiteElo "2496"]
[BlackElo "2559"]
[Annotator "TA"]
[PlyCount "98"]
[EventDate "2018.??.??"]
[EventType "schev"]
[EventCountry "USA"]
[SourceTitle "playchess.com"]
[Source "ChessBase"]
[SourceQuality "1"]

{[%evp 19,98,18,62,58,70,40,62,-57,-50,-39,-39,-45,-40,-103,-70,-176,-150,-165,-70,-100,-80,-172,-122,-251,-257,-270,-205,-255,-234,-237,-241,-244,-237,-237,-241,-234,-234,-251,-240,-233,-235,-225,-234,-260,-260,-270,-237,-227,-235,-354,-364,-621,-625,-660,-526,-679,-711,-728,-583,-623,-554,-531,-428,-688,-685,-667,-628,-695,-681,-648,-660,-780,-772,-863,-730,-1663,-1592,-1449,-1449,-29977,-29977]} 1. e4 c5 2. Nf3 d6 3. Bb5+ Nd7 4. O-O Ngf6 5. Re1 a6 6. Bf1 b6 7. d3 {[%cal Bd2d3,Bd3d4][%mdl 32] B51: Sicilian: Moscow Variation (3 Bb5+) without 3...Bd7} (7. d4 cxd4 8. Qxd4 Bb7 9. Nc3 e6 10. Bg5 Be7 11. Rad1 Qc7 12. a4 Rc8 13. h3 O-O 14. Qe3 h6 15. Bh4 Rfd8 16. Bg3 {0-1 (26) Bacrot,E (2708)-Karjakin,S (2781) Paris 2017}) 7... Bb7 8. Nbd2 e5 9. c3 Be7 10. d4 O-O {LiveBook: 3 Games} 11. d5 g6 $146 ({Predecessor:} 11... Ne8 12. c4 g6 13. a4 a5 14. h3 f5 15. exf5 gxf5 {0-1 (40) Recuero Guerra,D (2492)-Lopez Martinez,J (2570) Palma de Mallorca 2009}) 12. Bd3 Ne8 13. g4 (13. Nf1 $14) 13... Ndf6 14. h3 $1 h5 15. Nh2 Kg7 16. Ndf1 (16. Re3 $15) 16... Rh8 17. c4 ({White should try} 17. Qf3 $15) 17... hxg4 $19 18. hxg4 Nd7 (18... Nh7 $19 19. Ng3 Ng5) 19. Qd2 Nef6 {[%cal Be8f6,Bf6h7,Bh7g5,Bg5f3][%mdl 32]} 20. a4 (20. Ng3 $17) 20... Rh4 21. f3 (21. Re3 $17 {keeps fighting.}) 21... Nh7 22. Qc3 Bf6 23. Ng3 Ng5 24. Bf1 {[#]} Rxh2 $1 {[%mdl 512]} 25. Kxh2 Qh8+ 26. Kg1 Qh4 27. Nh1 {[#]} Qxe1 $1 {[%mdl 512]} 28. Qxe1 Nxf3+ 29. Kf2 Nxe1 30. Kxe1 Bh4+ 31. Ke2 Nf6 32. Kf3 Bc8 33. Bh3 Bd7 34. Be3 (34. Nf2 $142 Bxf2 35. g5 Bxh3 36. gxf6+ Kxf6 37. Kxf2) 34... Rh8 35. b4 $2 (35. Rb1) 35... cxb4 36. Bxb6 Rc8 37. Bf1 Bxg4+ 38. Ke3 Nd7 39. a5 Nc5 40. Bxc5 dxc5 41. Nf2 (41. Be2 $142 Bd7 42. Rg1) 41... Bxf2+ 42. Kxf2 {[%mdl 4096] Endgame KRB-KRB} f5 43. Kg3 Kf6 44. Re1 Rb8 45. Bd3 b3 {[%cal Bb4b3,Bb3b2][%mdl 32]} 46. Rh1 b2 {aiming for ...Rb3.} 47. Bb1 Rb3+ 48. Kf2 Rc3 49. exf5 Rc1 {Precision: White = 25%, Black = 65%.} 0-1